| 000 | 02632cam a2200505 a 4500 | ||
|---|---|---|---|
| 999 |
_c16254 _d16254 |
||
| 001 | 17404247 | ||
| 005 | 20161109112409.0 | ||
| 008 | 120727s2009 paua b 101 0 eng c | ||
| 010 | _a 2012397198 | ||
| 016 | 7 |
_a101523956 _2DNLM |
|
| 020 | _a9781605111124 | ||
| 020 | _a1605111120 | ||
| 035 | _a(OCoLC)ocn440848677 | ||
| 040 |
_aNLM _cNLM _dLHL _dIXA _dYDXCP _dBTCTA _dDLC |
||
| 042 | _apcc | ||
| 050 | 0 | 0 | _aR857.M3S954 2008 |
| 060 | 0 | 0 | _a2010 C-662 |
| 060 | 1 | 0 |
_aWO 515 _bS989a 2009 |
| 082 | 0 | 0 |
_a610.28 _223 |
| 111 | 2 |
_aSymposium HH "Advances in Material Design for Regenerative Medicine, Drug Delivery, and Targeting/Imaging" _d(2008 : _cBoston, Mass.) |
|
| 245 | 1 | 0 |
_aAdvances in material design for regenerative medicine, drug delivery, and targeting/imaging : _bsymposium held December 1-3, 2008, Boston, Massachusetts, U.S.A. / _ceditors, V. Prasad Shastri ... [et al.]. |
| 260 |
_aWarrendale, Pa. : _bMaterials Research Society, _cc2009. |
||
| 300 |
_axii, 223 p. : _bill. ; _c24 cm. |
||
| 490 | 0 |
_aMaterials Research Society symposium proceedings, _x1946-4274 ; _vv. 1140 |
|
| 500 | _a"Symposium HH ... held December 1-3 at the 2008 MRS Fall Meeting in Boston, Massachusetts ..."--Preface [p. xi]. | ||
| 504 | _aIncludes bibliographical references and index. | ||
| 650 | 0 |
_aBiomedical materials _vCongresses. |
|
| 650 | 0 |
_aMedical instruments and apparatus _vCongresses. |
|
| 650 | 0 |
_aNanomedicine _vCongresses. |
|
| 650 | 0 |
_aNanostructured materials _vCongresses. |
|
| 650 | 0 |
_aDrug delivery systems _vCongresses. |
|
| 650 | 0 |
_aNanoparticles _vCongresses. |
|
| 650 | 0 |
_aRegenerative medicine _xMaterials _vCongresses. |
|
| 650 | 1 | 2 |
_aRegenerative Medicine _vCongresses. |
| 650 | 2 | 2 |
_aDrug Delivery Systems _vCongresses. |
| 650 | 2 | 2 |
_aNanostructures _vCongresses. |
| 700 | 1 | _aShastri, V. Prasad. | |
| 710 | 2 | _aMaterials Research Society. | |
| 710 | 2 |
_aMaterials Research Society. _bMeeting _d(2008 : _cBoston, Mass.) |
|
| 776 | 0 | 8 |
_iOnline version: _aSymposium HH "Advances in Material Design for Regenerative Medicine, Drug Delivery, and Targeting/Imaging" (2008 : Boston, Mass.) _tAdvances in material design for regenerative medicine, drug delivery, and targeting/imaging. _dWarrendale, Pa. : Materials Research Society, c2009 _w(OCoLC)722071771 |
| 856 | 4 | 2 |
_3Publisher description _uhttp://www.loc.gov/catdir/enhancements/fy1214/2012397198-d.html |
| 906 |
_a7 _bcbc _cpccadap _d2 _encip _f20 _gy-gencatlg |
||
| 942 |
_2lcc _cBOOKS |
||